000 00576nam a2200205Ia 4500
003 OSt
005 20220926001138.0
006 a|||||r|||| 00| 0
007 ta
008 220923b |||||||| |||| 00| 0 eng d
037 _cGeneral Book
040 _aRTL
_cRTL
_beng
041 _2eng
_aeng
082 _aV2,32p.N62, k2.4(31-35)
245 0 _aLok Sabha Debates
_b First Session
260 _a New Delhi
_bLok Sabha Secretariat
_c1962
500 _aThird Series
942 _hV2,32p.N62, k2.4(31-35)
_cGB
_2CC
999 _c600666
_d600666